Constitution of India and Indian polity : (Record no. 93829)

MARC details
000 -LEADER
fixed length control field 00569nam a22001817a 4500
005 - DATE AND TIME OF LATEST TRANSACTION
control field 20150721105054.0
010 ## - LCCN (DPL NO)
LC control number ENG-113198
020 ## - INTERNATIONAL STANDARD BOOK NUMBER
International Standard Book Number 9789351431732
Terms of availability 395.00
035 ## - SYSTEM CONTROL NUMBER
System control number EN-96730
037 ## - SOURCE OF ACQUISITION
Source of stock number/acquisition DBAD/PUB
082 ## - DEWEY DECIMAL CLASSIFICATION NUMBER
Classification number 342.54
245 ## - TITLE STATEMENT
Title Constitution of India and Indian polity :
Remainder of title 50+1 test bank
260 ## - PUBLICATION, DISTRIBUTION, ETC. (IMPRINT)
Place of publication, distribution, etc Gurgaon
Name of publisher, distributor, etc Lexis Nexis
Date of publication, distribution, etc 2013
270 ## - ADDRESS
Address 14th Floor, Building no 10 Tower, DLF Cyber City, Phase-II,
City Gurgaon
Postal code 122002
300 ## - PHYSICAL DESCRIPTION
Extent vi,404p.
Dimensions 24cm(pbk)
490 ## - SERIES STATEMENT
Series statement Catapult test prep series
942 ## - ADDED ENTRY ELEMENTS (KOHA)
Source of classification or shelving scheme Dewey Decimal Classification
Item type English Books
Call number suffix CON
Classification part 342.54
Holdings
Withdrawn status Lost status Not for loan Collection code Home library Current library Date acquired Source of acquisition Cost, normal purchase price Full call number Barcode Copy number Cost, replacement price Koha item type
    Not For Loan Non-fiction D.B.Act.Division D.B.Act.Division 21/05/2015 DBAD/PUB 395.00 342.54 CON EN-96730 1 395.00 English Books

© Delhi Public Library
Hit Counter
free hit counter